Újabb öltözőket és termeket adtak át a sportközpontban Jövőre már falra is mászhatnak
Elmentve itt :
| Dokumentumtípus: | Cikk |
|---|---|
| Megjelent: |
2006-11-09
|
| Sorozat: | Délmagyarország
96 No. 262 |
| Kulcsszavak: | Sportcentrum bővítés |
| Online Access: | http://dmarchiv.bibl.u-szeged.hu/126861 |
| LEADER | 00480nab a2200145 i 4500 | ||
|---|---|---|---|
| 001 | delm126861 | ||
| 005 | 20191206093828.0 | ||
| 008 | 191206s2006 hu o 0|| hun d | ||
| 040 | |a SZTE Délmagyarország Archívum |b hun | ||
| 041 | |a hun | ||
| 245 | 0 | 0 | |a Újabb öltözőket és termeket adtak át a sportközpontban |h [elektronikus dokumentum] : |b Jövőre már falra is mászhatnak |
| 260 | |c 2006-11-09 | ||
| 300 | |a 8 | ||
| 490 | 0 | |a Délmagyarország |v 96 No. 262 | |
| 695 | |a Sportcentrum bővítés | ||